Improve your word power for better expression

Bibliographic Details
Main Author: Nandy, Milon
Format: Book
Published: S.l : Composite study Aid Publications , 1994
Subjects:

MARC

LEADER 00000cam a2200000 7i4500
001 0000006552
002 000007067
005 20090811.0
020 |a 9812070583 
090 0 0 |a 421   |b NAN 
100 1 |a Nandy, Milon 
245 1 0 |a Improve your word power for better expression   |c Milon Nandy 
260 |a S.l :   |b Composite study Aid Publications ,   |c 1994 
300 |a 328p. ;   |c 20cm. 
650 0 0 |a English language 
650 0 0 |a English language   |x Vocabulary 
650 0 0 |a Language and languages 
999 |a 039009   |b BUKU   |c PINJAMAN   |e PERPUSTAKAAN KOMUNITI PETALING JAYA